African Animals by Picture #1 - Statistics

General Stats
  • This quiz has been taken 286 times
  • The average score is 10 of 12
Answer Stats
Picture Answer % Correct
African Elephant
100%
African Lion
98%
Plains Zebra
98%
Common Hippopotamus
97%
African Leopard
96%
Common Ostrich
95%
Common Chimpanzee
90%
African Wild Dog
73%
Blue Wildebeest
71%
Mandrill
61%
African Spoonbill
47%
Greater Kudu
39%
No matching quizzes found
Score Distribution
Percent of People with Each Score
Percentile by Number Answered
Your Score History
You have not taken this quiz